Koncepcia a realizácia Celokarpatského dialektologického atlasu z aspektu dialektológie

Bibliographic Details
Main Author: Ripka, Ivor, 1937- (Author)
Format: Article
Language:Slovak
PhysicalDescription:Res. angl., lit. 12 zázn. v češ., poľ., ruš., slov.
Subjects:

MARC

LEADER 00000nab a2200000 a 4500
001 vtls000479517
003 SK-MaSNL
005 20260303160850.0
008 230223c1992 xo 0 slo
015 |a SNBRB19rr/mm-uuuuu 
035 |a CL0479652 
035 |a urn:nbn:sk:snk-ab2ho1 
035 |a (urnnbn)urn:nbn:sk:snk:ar-a02fqf 
035 |a (uuid)3bdbe96e-e87e-44b8-953d-8968ceffb381 
040 |a SNKBUCL  |b slo  |c SNKBUCL  |e AACR2 
041 0 |a slo 
044 |a xo  |c SK 
080 |a 800.87(084):808.1  |2 1981 
080 |a 808.1-087  |2 1981 
080 |a 808.54-087  |2 1981 
100 1 |a Ripka, Ivor,  |d 1937-  |4 aut  |9 92988 
245 1 0 |a Koncepcia a realizácia Celokarpatského dialektologického atlasu z aspektu dialektológie  |c Ivor Ripka 
300 |b Res. angl., lit. 12 zázn. v češ., poľ., ruš., slov. 
650 0 7 |a slovanské jazyky  |2 snkbucl  |9 1338 
650 0 7 |a dialektológia  |2 snkbucl  |9 13485 
650 0 7 |a nárečia slovanské  |2 snkbucl  |9 1182328 
650 0 7 |a Karpaty (pohorie)  |2 snkbucl  |9 460754 
650 0 7 |a nárečia slovenské  |2 snkbucl  |9 943637 
655 7 |a články z novín a časopisov  |2 snkbucl  |9 267496 
773 0 |t Slavica slovaca  |g Roč. 27, č. 2 (1992), s. 123-128 
850 |a Slovenská národná knižnica v Martine  |a MTA001 
852 |a SNK  |b KIS3GCP 
954 |a odborná, vedecká literatúra pôvodná (slovenská)  |2 lita 
958 |a NB 
958 |a RK 
958 |a SL 
958 |a OND 
958 |a EUIPO 
958 |a article27 
992 |a RBX 
999 |c 2047476  |d 2049406